Diseases of cultured groupers / (Record no. 94706)

MARC details
000 -LEADER
fixed length control field 00793nam a22002297a 4500
005 - DATE AND TIME OF LATEST TRANSACTION
control field 20150608100756.0
008 - FIXED-LENGTH DATA ELEMENTS--GENERAL INFORMATION
fixed length control field 150608b xxu||||| |||| 00| 0 eng d
020 ## - INTERNATIONAL STANDARD BOOK NUMBER
International Standard Book Number 9718511709
050 04 - LIBRARY OF CONGRESS CALL NUMBER
Classification number SH167.G86
Item number D57 2004
245 00 - TITLE STATEMENT
Title Diseases of cultured groupers /
Statement of responsibility, etc editores Kazuya Nagasawa, Erlinda R. Cruz-Lacierda.
250 ## - EDITION STATEMENT
Edition statement 1a ed.
260 ## - PUBLICATION, DISTRIBUTION, ETC. (IMPRINT)
Place of publication, distribution, etc Iloilo, Philippines :
Name of publisher, distributor, etc Southeast Asian Fisheries Development Center
260 ## - PUBLICATION, DISTRIBUTION, ETC. (IMPRINT)
Name of publisher, distributor, etc Aquaculture Department
260 ## - PUBLICATION, DISTRIBUTION, ETC. (IMPRINT)
Name of publisher, distributor, etc Government of Japan Trust Fund,
Date of publication, distribution, etc 2004
300 ## - PHYSICAL DESCRIPTION
Extent vi, 81 p. :
Other physical details il. ;
Dimensions 30 cm.
504 ## - BIBLIOGRAPHY, ETC. NOTE
Bibliography, etc Incluye apéndice, bibliografía y glosario
650 #4 - SUBJECT ADDED ENTRY--TOPICAL TERM
Topical term or geographic name as entry element Mero
General subdivision Enfermedades
650 #7 - SUBJECT ADDED ENTRY--TOPICAL TERM
Source of heading or term LEMB
Topical term or geographic name as entry element Peces
General subdivision Enfermedades
700 1# - ADDED ENTRY--PERSONAL NAME
Personal name Nagasawa, Kazuya,
Relator term ed.
700 1# - ADDED ENTRY--PERSONAL NAME
Personal name Cruz-Lacierda, Erlinda R.,
Relator term ed.
942 ## - ADDED ENTRY ELEMENTS (KOHA)
Source of classification or shelving scheme Biblioteca del Cogreso de los Estados Unidos
Koha item type Libro
Holdings
Estado de pérdida Fuente de clasificación Estado del daño No para préstamo Ubicación permanente Ubicación actual Apartado o colección Fecha de adquisición Edición Dependencia de educación superior (DES) Área del conocimiento Clasificación Código de Barras Date last seen Número de copia Tipo de recurso
  Biblioteca del Cogreso de los Estados Unidos   Ejemplar único Biblioteca de la Facultad de Biología Biblioteca de la Facultad de Biología General 08/06/2015 1a ed. Ciencias Biológicas y Agropecuarias Ciencias Naturales y Exactas SH167 .G86 D57 2004 BFB000002469 08/06/2015 C:1 Libro